[Event "Regionalliga SO 1617 (Women)"]
[Site "Germany"]
[Date "2016.10.23"]
[Round "1.3"]
[White "Fuchs, Joline"]
[Black "Schaefer, Jessica"]
[Result "1-0"]
[WhiteElo "1393"]
[BlackElo "1503"]
[PlyCount "83"]
[EventDate "2016.10.23"]
[EventType "team-tourn"]
[EventRounds "5"]
[EventCountry "GER"]
[SourceTitle "EXT 2018"]
[Source "ChessBase"]
[SourceDate "2017.10.13"]
[SourceVersion "1"]
[SourceVersionDate "2017.10.13"]
[SourceQuality "1"]
[WhiteTeam "Chemnitz USG (W)"]
[BlackTeam "Bad Hersfeld (W)"]
[WhiteTeamCountry "GER"]
[BlackTeamCountry "GER"]

1. g3 e5 2. Bg2 Nc6 3. d3 Bc5 4. e3 Nf6 5. Ne2 0-0 6. Nbc3 d5 7. 0-0 Re8 8. Bd2 e4 9. dxe4 dxe4 10. Nf4 Bg4 11. Qc1 Bf5 12. Nce2 Qd6 13. Bc3 Rad8 14. Rd1 Qxd1+ 15. Qxd1 Rxd1+ 16. Rxd1 Rd8 17. Rxd8+ Nxd8 18. Bxf6 gxf6 19. Nd5 Kg7 20. Nxc7 Bb6 21. Nd5 Ne6 22. Nxb6 axb6 23. Nd4 Kg6 24. Nxe6 fxe6 25. Bf1 e5 26. Bc4 Bc8 27. Kg2 h6 28. Bd5 f5 29. f3 exf3+ 30. Kxf3 Kf6 31. e4 fxe4+ 32. Bxe4 b5 33. c3 b6 34. Bc6 Be6 35. b3 Ke7 36. Bxb5 Kd6 37. Bd3 Kc5 38. h4 Kd6 39. g4 Ke7 40. g5 hxg5 41. hxg5 Kf7 42. Ke4 1-0

[Event "GER-chT U18 Girls"]
[Site "Karlsruhe"]
[Date "2015.05.09"]
[Round "5.3"]
[White "Schaefer, Jessica"]
[Black "Vu, Minh Anh"]
[Result "1-0"]
[WhiteElo "1091"]
[BlackElo "800"]
[PlyCount "49"]
[EventDate "2015.05.07"]
[EventType "team-swiss"]
[EventRounds "7"]
[EventCountry "GER"]
[SourceTitle "EXT 2017"]
[Source "ChessBase"]
[SourceDate "2016.10.25"]
[SourceVersion "1"]
[SourceVersionDate "2016.10.25"]
[SourceQuality "1"]
[WhiteTeam "Bad Hersfeld (W)"]
[BlackTeam "Kant Gymn (W)"]
[WhiteTeamCountry "GER"]
[BlackTeamCountry "GER"]

1. e4 e5 2. Nf3 Nc6 3. Bc4 Nf6 4. Ng5 d5 5. exd5 Na5 6. Bb5+ Bd7 7. Bxd7+ Qxd7 8. Nc3 Bc5 9. 0-0 Ng4 10. Qe2 Qd6 11. Qxg4 e4 12. Qxe4+ Kf8 13. Re1 Qf6 14. Nf3 g5 15. d4 Bb6 16. Bxg5 Qxd4 17. Nxd4 Rg8 18. Bh6+ Rg7 19. Bxg7+ Kxg7 20. Qe5+ f6 21. Ne6+ Kf7 22. Qh5+ Ke7 23. Nxc7+ Kd7 24. Qf7+ Kd6 25. Qe7# 1-0

[Event "GER-chT U18 Girls"]
[Site "Karlsruhe"]
[Date "2015.05.08"]
[Round "2.3"]
[White "Schaefer, Jessica"]
[Black "Youness, Fatima"]
[Result "0-1"]
[WhiteElo "1091"]
[BlackElo "1369"]
[PlyCount "94"]
[EventDate "2015.05.07"]
[EventType "team-swiss"]
[EventRounds "7"]
[EventCountry "GER"]
[SourceTitle "EXT 2017"]
[Source "ChessBase"]
[SourceDate "2016.10.25"]
[SourceVersion "1"]
[SourceVersionDate "2016.10.25"]
[SourceQuality "1"]
[WhiteTeam "Bad Hersfeld (W)"]
[BlackTeam "Bad Mergentheim (W)"]
[WhiteTeamCountry "GER"]
[BlackTeamCountry "GER"]

1. e4 e5 2. Nf3 Nc6 3. Bc4 Bc5 4. c3 Nf6 5. d4 exd4 6. cxd4 Bb4+ 7. Nc3 Nxe4 8. 0-0 Nxc3 9. Qe1+ Qe7 10. bxc3 Ba5 11. d5 Nd8 12. Qxe7+ Kxe7 13. Re1+ Kf8 14. Ba3+ d6 15. Bb5 g6 16. Rac1 a6 17. Bd3 b6 18. Re4 Bf5 19. Re3 Bxd3 20. Rxd3 Nb7 21. c4 Nc5 22. Re3 Re8 23. Rxe8+ Kxe8 24. Nd4 Kd7 25. Nc6 Kc8 26. Nxa5 bxa5 27. Re1 Kd7 28. Re3 Re8 29. Kf1 Rxe3 30. fxe3 Ne4 31. Ke2 Nc3+ 32. Kd3 Nxa2 33. Kc2 c6 34. Kb2 Nb4 35. Bxb4 axb4 36. dxc6+ Kxc6 37. e4 Kc5 38. Kb3 a5 39. g4 a4+ 40. Kb2 Kxc4 41. Ka2 Kc3 42. h4 Kc2 43. h5 b3+ 44. Ka3 b2 45. Kxa4 b1Q 46. hxg6 Kc3 47. Ka5 Kc4 0-1

[Event "Hessen-ch U14/U18 Girls"]
[Site "Bad Homburg"]
[Date "2015.04.03"]
[Round "7"]
[White "Tampe, Friederike"]
[Black "Schaefer, Jessica"]
[Result "1/2-1/2"]
[WhiteElo "1212"]
[BlackElo "1075"]
[PlyCount "26"]
[EventDate "2015.03.30"]
[EventType "swiss"]
[EventRounds "7"]
[EventCountry "GER"]
[SourceTitle "EXT 2017"]
[Source "ChessBase"]
[SourceDate "2016.10.25"]
[SourceVersion "1"]
[SourceVersionDate "2016.10.25"]
[SourceQuality "1"]

1. e4 c5 2. Nf3 Nc6 3. c3 Nf6 4. d3 d5 5. exd5 Nxd5 6. Nbd2 e6 7. Ne4 Be7 8. Be2 0-0 9. d4 cxd4 10. Nxd4 Nxd4 11. Qxd4 Bf6 12. Qd1 b6 13. 0-0 Bb7 1/2-1/2

[Event "Hessen-ch U14/U18 Girls"]
[Site "Bad Homburg"]
[Date "2015.04.02"]
[Round "6"]
[White "Schaefer, Jessica"]
[Black "Nguyen, Julia"]
[Result "1/2-1/2"]
[WhiteElo "1075"]
[BlackElo "1034"]
[PlyCount "31"]
[EventDate "2015.03.30"]
[EventType "swiss"]
[EventRounds "7"]
[EventCountry "GER"]
[SourceTitle "EXT 2017"]
[Source "ChessBase"]
[SourceDate "2016.10.25"]
[SourceVersion "1"]
[SourceVersionDate "2016.10.25"]
[SourceQuality "1"]

1. e4 e5 2. Nf3 Nc6 3. Bc4 Bc5 4. c3 Nf6 5. d4 exd4 6. cxd4 Bb6 7. Nc3 d6 8. h3 h6 9. 0-0 0-0 10. Re1 Bd7 11. e5 dxe5 12. dxe5 Nh7 13. Nd5 Be6 14. Nxb6 axb6 15. Bxe6 fxe6 16. b3 1/2-1/2

[Event "Hessen-ch U14/U18 Girls"]
[Site "Bad Homburg"]
[Date "2015.03.30"]
[Round "1"]
[White "Kirchner, Johanna"]
[Black "Schaefer, Jessica"]
[Result "1-0"]
[WhiteElo "1575"]
[BlackElo "1075"]
[PlyCount "89"]
[EventDate "2015.03.30"]
[EventType "swiss"]
[EventRounds "7"]
[EventCountry "GER"]
[SourceTitle "EXT 2017"]
[Source "ChessBase"]
[SourceDate "2016.10.25"]
[SourceVersion "1"]
[SourceVersionDate "2016.10.25"]
[SourceQuality "1"]

1. e4 c5 2. Nf3 d6 3. d4 cxd4 4. Nxd4 Nf6 5. Nc3 g6 6. f3 Bg7 7. Be3 0-0 8. Qd2 Bd7 9. 0-0-0 a6 10. Bc4 b5 11. Be2 Nc6 12. Nxc6 Bxc6 13. a3 Qa5 14. Na2 Qxd2+ 15. Bxd2 Rac8 16. Ba5 Nh5 17. g3 Bd7 18. Nb4 Bh6+ 19. Kb1 Ng7 20. e5 Ne8 21. Nd5 Rc5 22. Nxe7+ Kh8 23. exd6 Bg5 24. Bb4 Re5 25. Bc3 Bf6 26. Bxe5 Bxe5 27. Nd5 Nxd6 28. Nb4 Bc8 29. f4 Bxb2 30. Kxb2 Nc4+ 31. Bxc4 bxc4 32. Rd4 a5 33. Nc6 Be6 34. Rd8 Rxd8 35. Nxd8 Bd5 36. Rd1 Be6 37. Nxe6 fxe6 38. Kc3 Kg7 39. Kxc4 h5 40. Kb5 Kf6 41. c4 g5 42. c5 e5 43. fxg5+ Kxg5 44. c6 e4 45. c7 1-0

[Event "Hessen-ch U14/U18 Girls"]
[Site "Bad Homburg"]
[Date "2014.04.18"]
[Round "7"]
[White "Chrapko, Sonja"]
[Black "Schaefer, Jessica"]
[Result "1/2-1/2"]
[WhiteElo "1227"]
[BlackElo "1020"]
[PlyCount "74"]
[EventDate "2014.04.??"]
[EventType "swiss"]
[EventRounds "7"]
[EventCountry "GER"]
[SourceTitle "EXT 2022"]
[Source "ChessBase"]
[SourceDate "2021.10.06"]
[SourceVersion "1"]
[SourceVersionDate "2021.10.06"]
[SourceQuality "1"]

1. e4 c5 2. Nf3 d6 3. d4 cxd4 4. Nxd4 Nf6 5. Nc3 Nc6 6. Bb5 Bd7 7. f4 e5 8. fxe5 Nxe5 9. Bxd7+ Qxd7 10. Bf4 Be7 11. Qe2 a6 12. 0-0-0 0-0 13. Nf5 Qc7 14. Nd5 Nxd5 15. exd5 Bf6 16. Rd4 Rfe8 17. Qf1 Rac8 18. Ne3 Qc5 19. Qd1 Ng6 20. Rc4 Qb6 21. Rxc8 Bxb2+ 22. Kd2 Qd4+ 23. Ke1 Rxc8 24. Qxd4 Bxd4 25. Nf5 Nxf4 26. Ne7+ Kf8 27. Nxc8 Nxg2+ 28. Ke2 Be5 29. c4 Nf4+ 30. Ke3 Ke8 31. Rf1 g5 32. Ke4 f6 33. Nb6 Kd8 34. Na4 Kc7 35. c5 h6 36. Rd1 h5 37. Rc1 h4 1/2-1/2

[Event "Hessen-ch U14/18 Girls"]
[Site "Bad Homburg"]
[Date "2012.??.??"]
[Round "3"]
[White "Fey, Maren"]
[Black "Schaefer, Jessica"]
[Result "1-0"]
[WhiteElo "1158"]
[BlackElo "853"]
[PlyCount "127"]
[EventDate "2012.04.??"]
[EventType "swiss"]
[EventRounds "9"]
[EventCountry "GER"]
[SourceTitle "EXT 2015"]
[Source "ChessBase"]
[SourceDate "2014.11.20"]
[SourceVersion "1"]
[SourceVersionDate "2014.11.20"]
[SourceQuality "1"]

1. e4 e5 2. Nf3 Nc6 3. Nc3 Nf6 4. Bc4 Bc5 5. 0-0 0-0 6. d3 d6 7. Bg5 h6 8. Bh4 Nd4 9. Nxd4 Bxd4 10. Nd5 g5 11. c3 gxh4 12. cxd4 h3 13. g3 c6 14. Nxf6+ Qxf6 15. dxe5 dxe5 16. Qh5 Be6 17. Bxe6 fxe6 18. Qxh3 Rf7 19. Rad1 Rh7 20. Rd2 h5 21. Kg2 Rf8 22. Kh1 Qf3+ 23. Qg2 Qxg2+ 24. Kxg2 h4 25. g4 Rf4 26. h3 Rhf7 27. f3 R4f6 28. d4 Rd7 29. Rfd1 exd4 30. Rxd4 Rxd4 31. Rxd4 e5 32. Rd7 b5 33. Rxa7 Rd6 34. Ra8+ Kf7 35. Rh8 Rd2+ 36. Kf1 Rd3 37. Ke2 Rd4 38. Rxh4 c5 39. g5 Kg6 40. Rg4 b4 41. h4 c4 42. Rg1 c3 43. bxc3 bxc3 44. Rc1 Rc4 45. Kd3 Rd4+ 46. Kc2 Kh5 47. Kxc3 Kxh4 48. g6 Rd7 49. Rg1 Rg7 50. a4 Kh5 51. a5 Kh6 52. a6 Rc7+ 53. Kb4 Rg7 54. Kb5 Rxg6 55. Rxg6+ Kxg6 56. a7 Kg5 57. a8Q Kf4 58. Qf8+ Ke3 59. Kc4 Kf2 60. Kd3 Ke1 61. Qg7 Kf2 62. Qg4 Ke1 63. Qg2 Kd1 64. Qd2# 1-0

[Event "Hessen-ch U14/18 Girls"]
[Site "Bad Homburg"]
[Date "2012.??.??"]
[Round "4"]
[White "Schaefer, Jessica"]
[Black "Mao, Yvonne"]
[Result "0-1"]
[WhiteElo "853"]
[BlackElo "1015"]
[PlyCount "74"]
[EventDate "2012.04.??"]
[EventType "swiss"]
[EventRounds "9"]
[EventCountry "GER"]
[SourceTitle "EXT 2015"]
[Source "ChessBase"]
[SourceDate "2014.11.20"]
[SourceVersion "1"]
[SourceVersionDate "2014.11.20"]
[SourceQuality "1"]

1. e4 e5 2. Nf3 Nc6 3. Bc4 Nf6 4. d3 Be7 5. Nc3 d6 6. Be3 0-0 7. 0-0 Be6 8. Nd2 d5 9. exd5 Nxd5 10. Nxd5 Bxd5 11. Bxd5 Qxd5 12. Qg4 Qe6 13. Qg3 Bd6 14. Bh6 Qxh6 15. Ne4 Nd4 16. Rae1 Nxc2 17. Re2 Nd4 18. Rd2 f5 19. Ng5 e4 20. dxe4 Bxg3 21. hxg3 Qxg5 22. Rxd4 fxe4 23. Rxe4 Rae8 24. Ree1 Rxe1 25. Rxe1 Qd2 26. Rf1 Qxb2 27. g4 c5 28. Kh2 c4 29. g5 c3 30. a4 c2 31. a5 c1R 32. Rxc1 Qxc1 33. f3 Qxg5 34. a6 b6 35. Kg1 Qg3 36. Kh1 Re8 37. Kg1 Re1# 0-1

[Event "Hessen-ch U14/18 Girls"]
[Site "Bad Homburg"]
[Date "2012.??.??"]
[Round "1"]
[White "Winkler, Claudia"]
[Black "Schaefer, Jessica"]
[Result "1-0"]
[WhiteElo "1391"]
[BlackElo "853"]
[PlyCount "49"]
[EventDate "2012.04.??"]
[EventType "swiss"]
[EventRounds "9"]
[EventCountry "GER"]
[SourceTitle "EXT 2015"]
[Source "ChessBase"]
[SourceDate "2014.11.20"]
[SourceVersion "1"]
[SourceVersionDate "2014.11.20"]
[SourceQuality "1"]

1. e4 e5 2. Nf3 Nc6 3. Bc4 Bc5 4. d3 Nf6 5. Nc3 Ng4 6. 0-0 0-0 7. Bg5 Ne7 8. h3 h6 9. Bxe7 Qxe7 10. Nd5 Nxf2 11. Nxe7+ Kh8 12. Rxf2 Bxe7 13. Kh1 c6 14. Nxe5 d5 15. exd5 Bf6 16. d4 c5 17. c3 a6 18. d6 b5 19. Bd5 Rb8 20. Nxf7+ Kh7 21. Qd3+ g6 22. Rxf6 Bf5 23. Rxf5 gxf5 24. Qxf5+ Kg8 25. Qg6# 1-0